Pokémon - Les attaques de Archéomire - Statistiques

Statistiques générales
  • Ce quiz a été pris 20 fois
  • Le résultat moyen est 10 sur 13
Statistiques - réponses
Niveaux Types Noms des attaques % Correct
Départ Psy Choc Mental
100%
Niveau 4 Spectre Onde Folie
100%
Niveau 40 Acier Strido-Son
100%
Départ Normal Charge
90%
Niveau 16 Acier Gyroballe
90%
Niveau 20 Psy Hypnose
90%
Niveau 44 Psy Prescience
90%
Niveau 36 Acier Mur de Fer
80%
Niveau 28 Psy Extrasenseur
60%
Niveau 8 Ténèbres Représailles
60%
Niveau 12 Psy Possessif
50%
Niveau 24 Normal Rune Protect
50%
Niveau 32 Acier Tacle Lourd
50%
Aucun quiz correspondant
Distribution des résultats
% des personnes avec chaque résultat
Percentile par nombre de réponses
Votre historique - résultats
Vous n’avez pas pris ce quiz